01389nam a22003737a 4500003000500000005001700005008004100022010001000063011001000073035001000083040000900093090001000102100004000112245012200152260004000274300001000314500001100324502007500335590003700410590004100447590004100488590004100529590004100570590004100611590004200652650005000694650003300744650003500777901000700812942001000819949004200829999001700871952012700888CHAP20220329141528.0971013s1993 r 00010 d a69653 a70625 a80107 cCHAP aTesis00aObregón Palacios, Arcadio.982574 aEfectos del nivel de aceite vegetal en la ración, sobre la utilización de la energía por conejos en crecimiento aChapingo, Méx. :bEl autor,c1993 a53 h. a61-231 aTesis (Ing. Agr. Esp. en Zootecnia) -- UACH. Departamento de Zootecnia aALEPHb10c20130110lUCH01h1409 aBATCH-UPDb10c20130110lUCH01h0035 aBATCH-UPDb10c20130110lUCH01h1653 aBATCH-UPDb10c20130409lUCH01h2019 aBATCH-UPDb10c20130410lUCH01h1042 aBATCH-UPDb10c20130913lUCH01h1900 aCONVERSIONb10c20130109lUCH01h133814aAceites vegetales en nutrición animal.946514aConejosxNutrición.92637214aEnergía metabólica.936906 aBK cTESIS bBCcTESd-33004eTS1h25346i80107si c69653d69653 00102local4051708TESISaBCbBCcPA_TESISd2019-12-31fTESISl0oTesisp-33004r2019-12-31 00:00:00w2019-12-31yTESIS